|
|
|
|
| LEADER |
00000cam a2200000 cc4500 |
| 001 |
1932803939 |
| 003 |
DE-627 |
| 005 |
20250815113024.0 |
| 007 |
cr uuu---uuuuu |
| 008 |
250807s1963 xx |||||o 00| ||ger c |
| 035 |
|
|
|a (DE-627)1932803939
|
| 035 |
|
|
|a (DE-599)KXP1932803939
|
| 040 |
|
|
|a DE-627
|b ger
|c DE-627
|e rakwb
|
| 041 |
|
|
|a ger
|
| 084 |
|
|
|a 1
|2 ssgn
|
| 245 |
0 |
0 |
|a Mitteilungen und Forschungsbeiträge der Cusanus-Gesellschaft
|n 3
|
| 264 |
|
1 |
|a Mainz
|b Matthias-Grünewald-Verlag
|c 1963
|
| 300 |
|
|
|a 270 Seiten
|b Illustrationen
|
| 336 |
|
|
|a Text
|b txt
|2 rdacontent
|
| 337 |
|
|
|a Computermedien
|b c
|2 rdamedia
|
| 338 |
|
|
|a Online-Ressource
|b cr
|2 rdacarrier
|
| 533 |
|
|
|a Online-Ausgabe
|b Tübingen
|c Universitätsbibliothek
|d 2025
|e 1 Online-Ressource
|7 |2025||||||||||
|
| 601 |
|
|
|a Mitteilung
|
| 655 |
|
7 |
|a Aufsatzsammlung
|0 (DE-588)4143413-4
|0 (DE-627)105605727
|0 (DE-576)209726091
|2 gnd-content
|
| 773 |
1 |
8 |
|a Mitteilungen und Forschungsbeiträge der Cusanus-Gesellschaft
|w (DE-627)1932278931
|w (DE-600)3220313-5
|g 3
|q 3
|7 nnas
|
| 776 |
0 |
8 |
|i Elektronische Reproduktion von
|t 1963
|d 1963
|h 270 S.
|w (DE-627)1182918808
|w (DE-576)112918808
|k Non-Electronic
|
| 856 |
4 |
0 |
|u https://mfcg-ci-reihe.de/ojs/index.php/mfcg/issue/view/40
|x Digitalisierung
|z kostenfrei
|7 0
|
| 951 |
|
|
|a MV
|
| ACO |
|
|
|a 1
|
| ELC |
|
|
|a 1
|
| ITA |
|
|
|a 1
|t 1
|
| LOK |
|
|
|0 000 xxxxxcx a22 zn 4500
|
| LOK |
|
|
|0 001 475493136X
|
| LOK |
|
|
|0 003 DE-627
|
| LOK |
|
|
|0 004 1932803939
|
| LOK |
|
|
|0 005 20250808115631
|
| LOK |
|
|
|0 008 250807||||||||||||||||ger|||||||
|
| LOK |
|
|
|0 040
|a DE-21
|c DE-627
|d DE-21
|
| LOK |
|
|
|0 092
|o n
|
| LOK |
|
|
|0 852
|z Der Zugriff ist kostenfrei möglich
|
| LOK |
|
|
|0 852
|a DE-21
|
| LOK |
|
|
|0 852 1
|9 00
|
| LOK |
|
|
|0 85640
|u https://mfcg-ci-reihe.de/ojs/index.php/mfcg/issue/view/40
|
| LOK |
|
|
|0 935
|a dbok
|a dith
|
| LOK |
|
|
|0 939
|a 2025-08-07
|b l01
|
| LOK |
|
|
|0 000 xxxxxcx a22 zn 4500
|
| LOK |
|
|
|0 001 4940990516
|
| LOK |
|
|
|0 003 DE-627
|
| LOK |
|
|
|0 004 1932803939
|
| LOK |
|
|
|0 005 20260323123837
|
| LOK |
|
|
|0 008 260323||||||||||||||||ger|||||||
|
| LOK |
|
|
|0 040
|a DE-Tue135
|c DE-627
|d DE-Tue135
|
| LOK |
|
|
|0 092
|o n
|
| LOK |
|
|
|0 852
|a DE-Tue135
|
| LOK |
|
|
|0 852 1
|9 00
|
| LOK |
|
|
|0 935
|a ixsb
|
| LOK |
|
|
|0 939
|a 2026-03-23
|b l01
|
| OAS |
|
|
|a 1
|
| ORI |
|
|
|a TA-MARC-ixtheoa001.raw
|
| REL |
|
|
|a 1
|
| SPR |
|
|
|a 1
|t IXT
|t REL
|
| SUB |
|
|
|a REL
|